| 000 | 00479cam a22001931 4500 | ||
|---|---|---|---|
| 001 | he 68001423 | ||
| 003 | DLC | ||
| 005 | 20260227111458.0 | ||
| 008 | 841019s1968 is 000 1 yid | ||
| 010 | _ahe 68001423 | ||
| 035 | _a(OCoLC)11285639 | ||
| 040 |
_aDLC _cPP _dDLC |
||
| 042 | _apremarc | ||
| 050 | 0 | 0 |
_aPN3035 _b.G65 |
| 100 | 1 |
_aGrober, Chayele, _d1896- |
|
| 245 | 1 | 0 | _aMayn veg aleyn. |
| 260 |
_aTel-Aviv, _bI.L. Peretz, _c1968. |
||
| 300 |
_a243 p. _billus. _c22 cm. |
||
| 999 |
_c33295 _d33295 |
||